College Basketball Players 2015-2024 - Statistics

General Stats
  • This quiz has been taken 118 times
  • The average score is 11 of 100
Answer Stats
Hint Answer % Correct
SF Virginia De'Andre Hunter
65%
PG UCLA Lonzo Ball
48%
SG Oklahoma Buddy Hield
45%
PF Duke Zion Williamson
37%
PG Villanova Jalen Brunson
36%
PG Oklahoma Trae Young
34%
SF Tennessee Grant Williams
33%
SF UNC Justin Jackson
33%
C Purdue Zach Edey
31%
SG Kansas Josh Jackson
29%
PG Duke Tre Jones
28%
SF Villanova Mikal Bridges
25%
PF Michigan State Miles Bridges
25%
SG Georgia Anthony Edwards
24%
C Maryland Jalen Smith
22%
PG Gonzaga Jalen Suggs
22%
PG Murray State Ja Morant
21%
SG Villanova Josh Hart
20%
C Kentucky Karl-Anthony Towns
20%
C Dayton Obi Toppin
20%
C Iowa Luka Garza
19%
PG UNC Cole Anthony
18%
C Gonzaga Chet Holmgren
17%
PG Kentucky De'Aaron Fox
17%
PG UNC Coby White
16%
SG Kentucky Malik Monk
15%
PF Wisconsin Frank Kaminsky
13%
PG UNC R.J Davis
12%
C Arizona Deandre Ayton
11%
C Michigan Hunter Dickinson
11%
SF Duke Paolo Banchero
11%
SG Duke R.J Barrett
11%
SG Michigan Jordan Poole
10%
PG Marquette Markus Howard
10%
PG Iowa State Tyrese Haliburton
10%
SF Alabama Brandon Miller
9%
PF Gonzaga Brandon Clarke
8%
PG Kansas Devonte Graham
8%
C Gonzaga Drew Timme
8%
PG Duke Grayson Allen
8%
PG Purdue Jaden Ivey
8%
SG UNC Marcus Paige
8%
PF Michigan Moritz Wagner
8%
SG Kentucky Tyrese Maxey
8%
SG Villanova Donte Divincenzo
7%
PF Ohio State E.J Liddell
7%
PG Baylor Jared Butler
7%
PG UNC Joel Berry
7%
SG Virginia Kyle Guy
7%
PG Texas Tech Mac Mcclung
7%
SG Kentucky Tyler Herro
7%
PG Illinois Ayo Dosunmu
6%
PG Kansas Frank Mason
6%
SG Texas Tech Jarrett Culver
6%
PG UCLA Johnny Juzang
6%
C Illinois Kofi Cockburn
6%
PG Marquette Tyler Kolek
6%
SG Indiana Yogi Ferrell
6%
PG Purdue Carsen Edwards
4%
SG Michigan State Denzel Valentine
4%
PG Kansas Devon Dotson
4%
SF Gonzaga Rui Hachimura
4%
SF Villanova Saddiq Bey
4%
PG Oregon Tyler Dorsey
4%
PG Maryland Anthony Cowan
3%
SG Michigan Duncan Robinson
3%
SG Duke Luke Kennard
3%
PG Creighton Marcus Zegarowski
3%
PG Maryland Melo Trimble
3%
SG Seton Hall Myles Powell
3%
PF UNC Nassir Little
3%
PG Gonzaga Nigel Williams-Goss
3%
C Kentucky Oscar Tshiebwe
3%
PG Oregon Payton Prichard
3%
SF Indiana Trayce Jackson-Davis
3%
SG Creighton Trey Alexander
3%
C Kansas Udoka Azubuike
3%
SF Auburn Chuma Okeke
2%
PG Villanova Collin Gillespie
2%
SG Houston Corey Davis
2%
SF Wisconsin Ethan Happ
2%
PF Oregon Jordan Bell
2%
PG Butler Kamar Baldwin
2%
PF Duke Marvin Bagley
2%
PG Texas Tech Matt Mooney
2%
SG Kentucky Rob Dillingham
2%
SG Purdue Ryan Cline
2%
PG Virginia Tye Jerome
2%
C Duke Vernon Carey
2%
SF Tennessee Admiral Schofield
1%
SF Purdue Caleb Swanigan
1%
PG Michigan State Casius Winston
1%
PG Seton Hall Isaiah Whitehead
1%
SF UNC Luke Maye
1%
PF Michigan State Nick Ward
1%
SG Xavier Treveon Bluiett
1%
C Michigan State Xavier Tillman
1%
SF Gonzaga Corey Kispert
0%
SG Kansas Malik Newman
0%
PF Kentucky P.J Washinton
0%
No matching quizzes found
Score Distribution
Percent of People with Each Score
Percentile by Number Answered
Your Score History
You have not taken this quiz